Statistics for Countries that have Controlled Great Britain

Click here to take the quiz!

General Stats

  • This quiz has been taken 115 times
  • The average score is 9 of 19

Answer Stats

YearsAnswer% Correct
39 - 260Roman Empire
87%
395 - 410Western Roman Empire
87%
928 - 1018England
82%
1707 -United Kingdom
82%
844 - 1297Scotland
80%
453 - 1283Wales
73%
1018 - 1043Denmark
67%
526 - 813Essex
44%
518 - 928Wessex
44%
655 - 867Northumbria
38%
476 - 818Sussex
35%
583 - 919Mercia
34%
570 - 795East Anglia
28%
453 - 808Kent
24%
260 - 273Gallic Empire
20%
867 - 928Danelaw
10%
946 - 1026Strathclyde
10%
500 - 655Bernicia
3%
558 - 655Deira
3%

Score Distribution

Percentile by Number Answered

Percent of People with Each Score

Your Score History

You have not taken this quiz